Find the Hidden U.S. States on the World Map #1 - Statistics

General Stats
  • This quiz has been taken 17,119 times
  • The average score is 5 of 10
Answers on the Map
Answers color-coded by a green-red scale on the quiz's map according to % correct below.
 
Answer Stats
States % Correct
Maine
75%
Missouri
72%
Vermont
72%
Wisconsin
71%
Indiana
64%
Maryland
47%
Ohio
44%
California
26%
Hawaii
25%
South Carolina
23%
No matching quizzes found
Score Distribution
Percent of People with Each Score
Percentile by Number Answered
Your Score History
You have not taken this quiz